Statistiques concernant Capitales d'Europe

Cliquez ici pour prendre le quiz!

Statistiques générales

  • Ce quiz a été pris 72 fois
  • Le résultat moyen est 14 sur 15

Statistiques - réponses

Question Answer % Correct
Quelle est la capitale de l'Irlande ?Dublin
100%
Quelle est la capitale des Pays-Bas ?Amsterdam
100%
Quelle est la capitale de la France ?Paris
100%
Quelle est la capitale de la BelgiqueBruxelles
98%
Quelle est la capitale de la Bosnie-Herzégovine ?Sarajevo
98%
Quelle est la capitale du Portugal ?Lisbonne
98%
Quelle est la capitale de la Suisse ?Berne
97%
Quelle est la capitale de la Croatie ?Zagreb
97%
Quelle est la capitale de la Moldavie ?Chişinău
97%
Quelle est la capitale de la Norvège ?Oslo
95%
Quelle est la capitale du Liechtenstein ?Vaduz
95%
Quelle est la capitale de Malte ?La Valette
94%
Quelle est la capitale de la Lituanie ?Vilnius
92%
Quelle est la capitale de la Serbie ?Belgrade
88%
Quelle est la capitale de l'EstonieTalinn
85%

Distribution des résultats

Percentile par nombre de réponses

% des personnes avec chaque résultat

Votre développement - résultats

Vous n’avez pas pris ce quiz